000 00282nam a2200121 i 4500
001 bg
245 0 _aReview of reports of the institute of fluid-flow...
260 _aGdaƄsk,
_c1983.
040 _cBPK
041 _apol
942 _cKS
008 s pl f |000 0 pol
999 _c27975
_d27975
856 _uhttp://koha.tu.koszalin.pl/cgi-bin/koha/opac-detail.pl?biblionumber=27975
_yKatalog online BPK